000 01225nam a22003497a 4500
003 CHAP
005 20220817042944.0
008 971013s1996 r 00010 d
010 _a61118
011 _a62090
035 _a66264
040 _cCHAP
090 _aTesis
100 0 0 _aDiego Lazcano, Guadalupe.
_932513
245 _aApertura comercial crisis económica y balanza comercial de México (1986-1995)
260 _aChapingo, Méx. :
_bEl autor,
_c1996
300 _a91 h.
_b; gráfs.
502 _aTesis (Lic. en Comercio Internacional de Productos Agropecuarios) -- UACH. Departamento de Economía Agrícola
590 _aALEPH
_b10
_c20130110
_lUCH01
_h1340
590 _aBATCH-UPD
_b10
_c20130110
_lUCH01
_h0712
590 _aBATCH-UPD
_b10
_c20130410
_lUCH01
_h0358
590 _aBATCH-UPD
_b10
_c20130914
_lUCH01
_h0527
590 _aCONVERSION
_b10
_c20130109
_lUCH01
_h1333
650 1 4 _aBalanza comercial.
_99607
650 1 4 _aBalanza de pagos
_zMéxico.
_99613
650 1 4 _aComercio
_zMéxico.
_925624
650 1 4 _aMéxico
_xCondiciones económicas.
901 _aBK
942 _cFOLL
949 _bBC
_cTES
_d-151437
_eTS1
_h29310
_i66264
_si
949 _bBC
_cTES
_d33724000620753
_eTS2
_fc.2
_h29311
_i66264
_si
999 _c61118
_d61118